| 000 | 00752nam a2200253Ia 4500 | ||
|---|---|---|---|
| 999 |
_c7289 _d7289 |
||
| 001 | 18695897 | ||
| 003 | OCoLC | ||
| 005 | 20190205153229.0 | ||
| 008 | 881101s1978 ilub 000 0 eng d | ||
| 020 | _a0891910875 | ||
| 035 | _a.b10600073 | ||
| 040 |
_aMZN _cMZN _dOCoLC |
||
| 082 |
_a224.1 _bR514L |
||
| 090 |
_aBS1515.5 _b.R5 |
||
| 100 | 1 |
_aRichards, Larry, _d1931- |
|
| 245 | 1 | 0 |
_aLift high the torch : _bthe Gospel in the Old Testament studies in Isaiah / _cLarry Richards ; [edited by Sharrel Keyes] |
| 250 | _aStudent's ed | ||
| 260 |
_aElgin, Ill. : _bD.C. Cook, _cc1978 |
||
| 300 |
_a192 p. : _bmap ; _c22 cm |
||
| 490 | 0 | _aBible alive series | |
| 630 | 0 | 0 |
_aBible. _pIsaiah _xStudy and teaching |
| 700 | 1 | _aKeyes, Sharrel | |
| 942 |
_2ddc _cBK |
||